| 000 | 00417cam a2200157ua 4500 | ||
|---|---|---|---|
| 041 |
_aeng _h |
||
| 082 |
_a530 _bWAH/SO |
||
| 100 | _aWahab, M A . | ||
| 245 |
_aSolid state physics: structure and properties of materials / _cM A Wahab. _hTextual Documents |
||
| 250 |
_a2 / _b. |
||
| 260 |
_aChennai : _bNarosa Publishing House , _c2007. |
||
| 300 | _a596 ; . | ||
| 504 | _a | ||
| 942 | _cBK | ||
| 999 |
_c13341 _d13341 |
||